000 00284nam a22001337a 4500
008 181206b xxu||||| |||| 00| 0 eng d
020 _a0435085476
041 _aeng
080 _a370
100 _a47
101 _aEDU
245 _aReal Books Reading
_cLinda.H
942 _2udc
_cBK
999 _c52951
_d52951